| 000 | 01213nam2a2200241 4500 | ||
|---|---|---|---|
| 001 | RU\NLR\BIBL_A\022652705 | ||
| 005 | 20251117134011.0 | ||
| 010 |
_a978-5-6052906-4-3 _9100 |
||
| 021 |
_aRU _bКН-П-25-053960 _9КН-П-25-5200 |
||
| 035 | _a(NLR Aleph) 022652705 | ||
| 090 |
_a13466260 _c13466260 |
||
| 100 | _a20251023d2025 u y0rusy50 ca | ||
| 101 | 0 | _arus | |
| 102 | _aRU | ||
| 105 | _aac z 000ya | ||
| 200 | 1 | _aДошкольные и школьные годы. Учеба в Пермском государственном педагогическом институте и начало работы в школе. Фотографии | |
| 210 | _d[2025] | ||
| 215 |
_a120 с. _cил., цв. ил., портр. |
||
| 461 | 0 |
_1001RU\NLR\BIBL_A\022652701 _12001#$aШкола в моей жизни$fЦветов Михаил Геннадьевич$vЧ. 1 _1700#1$aЦветов$bМ. Г.$f1954-$gМихаил Геннадьевич _913466258 _aЦветов, М. Г. (1954-) _cПермь _d[2025]- _fЦветов Михаил Геннадьевич _nФорвард-С _tШкола в моей жизни _vЧ. 1 |
|
| 942 | _cBOOK | ||
| 980 | _aNB | ||